000 00808nam a2200217Ia 4500
003 GCL
008 140319s9999 xx 000 0 eng d
020 _a0870494805
040 _aGCL /
_cGCL
082 0 4 _a976.8863
_bC T
100 1 _aCHAPMAN, JEFFERSON
245 1 0 _aTELLIC ARCHAEOLOGY :
_b12,000 YEARS OF NATIVE AMERICAN HISTORY /
_cCHAPMAN, JEFFERSON
260 _aنيويورك :
_bTENNESSEE VALLEY AUTHORITY ،
_c1987
300 _aXI,163 P
_bILL. ؛
_c27 cm.
650 0 4 _aINDIANS OF NORTH AMERICA - TENNESSEE - TELLICO LAKE REGION - ANTIQUITI
650 0 4 _aTELLICO ARCHAEOLOGICAL PROJECT TENNESSEE
650 0 4 _aEXCAVATIONS ( ARCHAEOLOGY ) - TENNESSEE - TELLICO LAKE REGION
650 0 4 _aTELLICO LAKE REGION ( TENESSEE ) - ANTIQUITIES
650 0 4 _aTENNESSEE - ANTIQUITIES
942 _2ddc
_cBK
999 _c8416
_d8416